000 00341 a2200109 4500
001 ART_29458
005 20260410161729.0
008 260409a
245 1 0 _aLas normas contables profesionales y los costos
100 1 _aDemonte, Norberto Gabriel
773 0 _tCiencias económicas
_g- Año 2, Vol. 2 (jul. 2000)
_wREV2567
999 _c17642
_d17642